000 01218nam a22003137a 4500
001 5259
003 FISKH
005 20241121142423.0
008 241121b cb ||||| |||| 00| 0 eng d
020 _a9780194237802
040 _aFISKH
_beng
_cFISKH
_dFISKH
050 _aPE1126.N43
082 _a428.6
100 _aAkinyemi, Rowena
245 _aGandhi /
_cby Rowena Akinyemi /
260 _aNew York :
_bOxford University Press ;
_c2010 .
300 _a88 pages :
_bcolor illustrations , maps ;
_c22 cm .
490 _aOxford Bookworms
_vStage 4
505 _aZ
520 _aThis full-colour, non-fiction series presents an engaging range of topics such as environmental issues, historical facts, and culture. Each title features colour photographs, exercises, a glossary, and information about the author. Four levels are available to help you find the right level foryour students.
521 8 _a950
_bLexile
521 8 _aZ
_bRaz-Plus
650 _asocial and political activism
_vnon-fiction
650 _apolitical activism
_vnon-fiction
650 _aMahatma Gandhi
_vnon-fiction
700 _aLindop, Christine
_eFactfiles series editor
942 _2ddc
_cBK
_n0
999 _c5259
_d5259